01005nam a22002777a 45000010005000000030006000050050017000110080041000280200018000690400029000870500018001160820010001341000021001442450073001652500040002382600038002783000044003164900025003605050008003855200178003935210020005715210020005916500041006116500041006527000034006936948FISKH20250611141914.0250611b cb ||||| |||| 00| 0 eng d a9780545375085 aFISKHbengcFISKHdFISKH aPZ7.T211135 M a813.6 aTashjian, Janet  aMy life as a book / cBy Janet Tashjian : Cartoons by Jake Tashjian  aFirst Scholastic printing, May 2011 aNew York : bScholastic ,c2010.  a211 pages : billustrations ;c20 cm .  aDerek FallonvBook 1 aW  aDubbed a "reluctant reader" by his teacher, twelve-year-old Derek spends summer vacation learning important lessons even though he does not complete his summer reading list.8 a880 bLexile 8 aW bRaz-Plus  aReluctant reader vRealistic fiction aMartha's VineyardvRealistic fiction aTashjian, Jake eIllustrator